Nemzetközi mozgalmak 1916-ban. első közlemény /

Elmentve itt :
Bibliográfiai részletek
Szerző: Kemény Ferenc
Dokumentumtípus: Cikk
Megjelent: 1917
Sorozat:Magyar pedagógia : a Magyar Tudományos Akadémia Pedagógiai Bizottságának folyóirata 26
Kulcsszavak:Oktatáspolitika, Nemzetközi mozgalmak
Online Access:http://misc.bibl.u-szeged.hu/9821
LEADER 00685nab a2200181 i 4500
001 misc9821
005 20191106143415.0
008 170607s1917 hu o 0|| hun d
022 |a 0025-0260 
040 |a SZTE Miscellanea Repozitórium  |b hun 
041 |a hun 
100 1 |a Kemény Ferenc 
245 1 0 |a Nemzetközi mozgalmak 1916-ban.   |h [elektronikus dokumentum] :  |b első közlemény /  |c  Kemény Ferenc 
260 |c 1917 
300 |a 496-508 
490 0 |a Magyar pedagógia : a Magyar Tudományos Akadémia Pedagógiai Bizottságának folyóirata  |v 26 
695 |a Oktatáspolitika, Nemzetközi mozgalmak 
856 4 0 |u http://misc.bibl.u-szeged.hu/9821/1/mp_1917_2557_496-508.pdf  |z Dokumentum-elérés